000 00186 a2200097 4500
001 10947
100 _aShaw, M.
245 _aDynamics
260 _a
_bTata Hill
_c
090 _c8516
_d8516
942 _aNUST-CAE
_cM
_c35285
999 _c246020
_d246020